| Tag |
First Indicator |
Second Indicator |
Subfields |
| LEADER |
00000cam a22000001a 4500 |
| 001 |
in00003375621 |
| 006 |
m d f |
| 007 |
cr bn mmmapmmp |
| 008 |
100621s1988 dcu o f000 0 eng d |
| 005 |
20260429194603.9 |
| 035 |
|
|
|a cis2007882578
|
| 040 |
|
|
|a ProQuest
|c ProQuest
|d UtOrBLW
|
| 043 |
|
|
|a n-us---
|
| 099 |
|
|
|a CRS-1988-GOV-0005
|
| 110 |
2 |
|
|a Library of Congress.
|b Congressional Research Service.
|
| 245 |
1 |
0 |
|a Budget Process Reform Legislation in the 100th Congress, 1st Session :
|b Selected Listings.
|
| 264 |
|
1 |
|a [Place of publication not identified] :
|b [publisher not identified],
|c 1988.
|
| 300 |
|
|
|a 1 online resource.
|
| 336 |
|
|
|a text
|b txt
|2 rdacontent
|
| 337 |
|
|
|a computer
|b c
|2 rdamedia
|
| 338 |
|
|
|a online resource
|b cr
|2 rdacarrier
|
| 500 |
|
|
|a Record is based on bibliographic data in ProQuest U.S. Congressional Research Digital Collection (last viewed June 2010). Reuse except for individual research requires license from ProQuest, LLC.
|
| 500 |
|
|
|a CRS Report.
|
| 520 |
|
|
|a Presents lists of bills on Federal budget process reform, grouped by type of measure and by topic, with information regarding bill numbers, titles, sponsors, dates of introduction, and committee of referral.
|
| 500 |
|
|
|a Electronic resource.
|
| 610 |
1 |
0 |
|a United States.
|b Congress
|x Committees.
|
| 650 |
|
0 |
|a Budget
|z United States.
|
| 650 |
|
0 |
|a Cloture.
|
| 655 |
|
7 |
|a Electronic books.
|2 local
|
| 710 |
2 |
|
|a ProQuest (Firm)
|
| 776 |
0 |
8 |
|i Microfiche version:
|a Library of Congress. Congressional Research Service.
|t Budget Process Reform Legislation in the 100th Congress, 1st Session
|
| 830 |
|
0 |
|a U.S. Congressional Research.
|
| 856 |
4 |
0 |
|u http://proxy.library.tamu.edu/login?url=https://congressional.proquest.com/congcomp/getdoc?CRDC-ID=CRS-1988-GOV-0005
|z Connect to the full text of this electronic book
|t 0
|
| 999 |
|
|
|a MARS
|
| 999 |
f |
f |
|s 80018883-c901-33b8-97e9-756eec34e6ff
|i 257b0d5d-79ee-3b73-a617-c549a11d2470
|t 0
|
| 952 |
f |
f |
|a Texas A&M University
|b College Station
|c Electronic Resources
|s www_evans
|d Available Online
|t 0
|e CRS-1988-GOV-0005
|h Other scheme
|
| 998 |
f |
f |
|a CRS-1988-GOV-0005
|t 0
|l Available Online
|